Biggest cities in West Virginia - Statistics

General Stats
  • This quiz has been taken 19 times
  • The average score is 10 of 15
Answer Stats
Population City % Correct
51,400 Charleston
100%
49,138 Huntington
92%
17,614 Beckley
85%
29,660 Morgantown
85%
28,486 Wheeling
85%
31,492 Parkersburg
77%
19,486 Weirton
69%
16,578 Clarksburg
62%
17,227 Martinsburg
62%
12,902 South Charleston
62%
10,144 Bluefield
54%
18,704 Fairmont
54%
10,600 St. Albans
54%
10.547 Vienna
38%
13,805 Teays Valley
15%
No matching quizzes found
Score Distribution
Percent of People with Each Score
Percentile by Number Answered
Your Score History
You have not taken this quiz